000
00318nam a2200121Ia 4500
008
220216s9999 xx 000 0 und d
100
_a
Menon P.M.
245
0
_a
Washington Assembly of the International Rubber Study Group
260
_b
Rubber Board Bulletin
_c
1977
300
_a
13-Oct
650
_a
IRSG
942
_c
BS
999
_c
49657
_d
49657